Sālaṅkr̥ta sāhitya. (Record no. 80841)

MARC details
000 -LEADER
fixed length control field 00571cam a22002171 4500
001 - CONTROL NUMBER
control field sa 68005644
003 - CONTROL NUMBER IDENTIFIER
control field DLC
005 - DATE AND TIME OF LATEST TRANSACTION
control field 20260227112510.0
008 - FIXED-LENGTH DATA ELEMENTS--GENERAL INFORMATION
fixed length control field 891013s1966 ii c 000 0 kano
010 ## - LIBRARY OF CONGRESS CONTROL NUMBER
LC control number sa 68005644
035 ## - SYSTEM CONTROL NUMBER
System control number (OCoLC)20488410
040 ## - CATALOGING SOURCE
Original cataloging agency DLC
Transcribing agency WaU
Modifying agency DLC
042 ## - AUTHENTICATION CODE
Authentication code premarc
050 00 - LIBRARY OF CONGRESS CALL NUMBER
Classification number PK840
Item number .G3
100 1# - MAIN ENTRY--PERSONAL NAME
Personal name Jōśi, Kēśavaśarmā Raṅgabhaṭṭa,
Dates associated with a name 1893-1966.
245 10 - TITLE STATEMENT
Title Sālaṅkr̥ta sāhitya.
260 ## - PUBLICATION, DISTRIBUTION, ETC.
Date of publication, distribution, etc. [1966]
300 ## - PHYSICAL DESCRIPTION
Extent xix, 147 p.
Other physical details port.
Dimensions 22 cm.
500 ## - GENERAL NOTE
General note In Kannada.
650 #0 - SUBJECT ADDED ENTRY--TOPICAL TERM
Topical term or geographic name entry element Sanskrit language
General subdivision Rhetoric.

No items available.

Powered by Koha